000 00449nam a2200193Ia 4500
001 63034
008 150108s9999 xx 000 0 und d
020 _a0415217776
040 _cPK-LaUMT
082 _a 711.4
_bHAL-U
100 _aHall, Peter
245 _aUrban and regional planning
_cHall, Peter
250 _a4th
260 _aLondon,UK:
_bRoutledge,
_c1975
300 _a237 p.
546 _aEN
650 _aCity planning
942 _cBK
999 _c63638
_d63638